| 000 | 00428nam a2200145Ia 4500 | ||
|---|---|---|---|
| 008 | 220216s9999 xx 000 0 und d | ||
| 100 | _aBolle-Jones E W | ||
| 245 | 0 | _aEffects of mineral status and light on rubber formation in Hevea | |
| 260 |
_bJournal of the Rubber Research Institute of Malaya _c1957 |
||
| 300 | _a95-108 | ||
| 650 | _aHevea | ||
| 650 | _aRubber formation | ||
| 700 | _aMalikarjuneswara V R | ||
| 942 | _cJS | ||
| 999 |
_c58355 _d58355 |
||